[Event "ROM-ch U08 Girls"]
[Site "Calimanesti"]
[Date "2015.04.06"]
[Round "9"]
[White "Dumitrescu, Ioana Teodora"]
[Black "Chicarosie, Ioana Bianca"]
[Result "0-1"]
[WhiteElo "1001"]
[BlackElo "1345"]
[PlyCount "90"]
[EventDate "2015.03.30"]
[EventType "swiss"]
[EventRounds "9"]
[EventCountry "ROU"]
[SourceTitle "CBM 165 Extra"]
[Source "ChessBase"]
[SourceDate "2015.04.21"]
[SourceVersion "1"]
[SourceVersionDate "2015.04.21"]
[SourceQuality "1"]

1. e4 e6 2. d4 d5 3. exd5 exd5 4. Bb5+ Bd7 5. Qe2+ Qe7 6. Bg5 Qxe2+ 7. Nxe2 Bxb5 8. Nbc3 Bxe2 9. Kxe2 c6 10. Rhe1 f6 11. Kd1+ Be7 12. Bf4 Kf7 13. Kd2 Nd7 14. Re2 Nb6 15. b3 Rc8 16. Rae1 Rd8 17. g4 h6 18. h4 Rc8 19. h5 Bb4 20. Re3 a5 21. Rf3 a4 22. g5 hxg5 23. Bxg5 Rxh5 24. Rg1 Re8 25. Kd3 axb3 26. cxb3 Bxc3 27. Kxc3 Re2 28. a4 Rh2 29. Rf1 Ke6 30. Be3 Ne7 31. Bf4 Rh5 32. Re3+ Rxe3+ 33. Bxe3 Nf5 34. Bf4 Rh3+ 35. Kd2 Nd6 36. Re1+ Ne4+ 37. Ke2 Kf5 38. Be3 Nd7 39. f3 Rh2+ 40. Kf1 Ng3+ 41. Kg1 Rb2 42. f4 Ne2+ 43. Kg2 Nxd4+ 44. Kg3 Rxb3 45. Kg2 Nc2 0-1

[Event "ROM-ch U08 Girls"]
[Site "Calimanesti"]
[Date "2015.04.02"]
[Round "4"]
[White "Dumitrescu, Ioana Teodora"]
[Black "Rata, Eliza"]
[Result "1-0"]
[WhiteElo "1001"]
[BlackElo "1001"]
[PlyCount "23"]
[EventDate "2015.03.30"]
[EventType "swiss"]
[EventRounds "9"]
[EventCountry "ROU"]
[SourceTitle "CBM 165 Extra"]
[Source "ChessBase"]
[SourceDate "2015.04.21"]
[SourceVersion "1"]
[SourceVersionDate "2015.04.21"]
[SourceQuality "1"]

1. e4 f6 2. Nf3 Na6 3. Nc3 Nh6 4. d4 b6 5. Bb5 g6 6. Bf4 Ng4 7. 0-0 Bg7 8. Nd5 0-0 9. Bxc7 Qe8 10. Bf4 Bb7 11. Bc4 Rc8 12. Nxf6+ 1-0